Lo specchio degli inganni /
Gespeichert in:
| 1. Verfasser: | |
|---|---|
| Weitere Verfasser: | |
| Format: | Buch |
| Sprache: | Italienisch |
| Veröffentlicht: |
Milano :
Bompiani,
1985
|
| Tags: |
Keine Tags, Fügen Sie das erste Tag hinzu!
|
MARC
| LEADER | 00000nam a22000007i 4500 | ||
|---|---|---|---|
| 001 | IT\ICCU\CFI\0097198 | ||
| 003 | ItRI | ||
| 005 | 20260115232401.0 | ||
| 008 | 890711s1985 it |||||| ||||| |||||c | ||
| 040 | |b ita |c importazione bologna sebina | ||
| 041 | 7 | |a ita |2 ISO-639-2 | |
| 082 | |a 895.6 |9 LETTERATURA GIAPPONESE |2 11 | ||
| 100 | 1 | |a Mishima, Yukio |0 IT\ICCU\CFIV\002484 |4 aut | |
| 240 | 1 | 0 | |a Tennin gosui |3 IT\ICCU\CFI\0097204 |9 Mishima, Yukio |
| 245 | 1 | 3 | |a Lo specchio degli inganni / |c Yukio Mishima. |
| 260 | |a Milano : |b Bompiani, |c 1985 | ||
| 300 | |a 237 p. ; |c 22 cm | ||
| 500 | |a Trad. dall'inglese di Riccardo Mainardi. | ||
| 700 | 1 | |a Mainardi, Riccardo |c (traduttore) |0 IT\ICCU\CFIV\025695 | |
| 790 | 1 | |a Hiraoka, Kimitake |3 IT\ICCU\CFIV\226673 |z Mishima, Yukio | |
| 942 | |2 ddc |c BK |n 0 | ||
| 952 | |0 0 |1 0 |4 0 |6 DOC_895_635000000000000_MIS |7 0 |9 25170 |a BO |b BO |d 2026-01-15 |i 8526 |l 0 |o DOC 895.635 MIS |p BO8526 |r 2026-01-15 23:24:01 |w 2026-01-15 |x [Sebina 5] [1 v.] |y BK |z 1 v. | ||
| 999 | |c 21390 |d 21390 | ||